Discovering Computers (Record no. 37040)

MARC details
000 -LEADER
fixed length control field 00257nam a22001097a 4500
005 - DATE AND TIME OF LATEST TRANSACTION
control field 20250820180719.0
008 - FIXED-LENGTH DATA ELEMENTS--GENERAL INFORMATION
fixed length control field 250820b |||||||| |||| 00| 0 eng d
082 ## - DEWEY DECIMAL CLASSIFICATION NUMBER
Classification number 005
Item number DIS
245 ## - TITLE STATEMENT
Title Discovering Computers
650 ## - SUBJECT ADDED ENTRY--TOPICAL TERM
Subject / Department Computer Science & IT
952 ## - LOCATION AND ITEM INFORMATION (KOHA)
-- 0
-- 0
Holdings
Lost status Damaged status Permanent Location Current Location Shelving Location Date acquired Full Call Number Accession No./Barcode Date last seen item type Koha item type
    Superior Information Resource Center (SIRC) Superior University - UAE Campus Superior Information Resource Center (SIRC) Superior University - UAE Campus Computer Science & IT 08/20/2025 005 DIS 40020 08/20/2025 BOOK BOOK

Powered by Koha